[Event "Red Deer op"]
[Site "Red Deer"]
[Date "2013.01.27"]
[Round "5"]
[White "Schech, Roland"]
[Black "Harris, Adam"]
[Result "0-1"]
[WhiteElo "1657"]
[BlackElo "1772"]
[PlyCount "112"]
[EventDate "2013.01.26"]
[EventType "swiss"]
[EventRounds "5"]
[EventCountry "CAN"]
[SourceTitle "EXT 2022"]
[Source "ChessBase"]
[SourceDate "2021.10.06"]
[SourceVersion "1"]
[SourceVersionDate "2021.10.06"]
[SourceQuality "1"]

1. b3 Nf6 2. Bb2 d5 3. e3 c5 4. c4 Nc6 5. cxd5 Nxd5 6. Nf3 Bf5 7. d3 Bg4 8. h3 Bh5 9. Be2 e6 10. 0-0 Nf6 11. Ne5 Bxe2 12. Qxe2 Nxe5 13. Bxe5 Qd5 14. Bxf6 gxf6 15. Nc3 Qc6 16. Ne4 f5 17. Nf6+ Ke7 18. Nh5 Rg8 19. e4 Rd8 20. f4 Rd4 21. exf5 Rxd3 22. f6+ Ke8 23. Kh2 Rd5 24. Ng3 Bd6 25. Rf3 Kd7 26. Ne4 Bc7 27. Rc1 b6 28. b4 Rd4 29. Rd1 Qd5 30. Rxd4 cxd4 31. g3 Kc6 32. a4 Rd8 33. Nf2 h5 34. Nd3 h4 35. Ne5+ Bxe5 36. fxe5 d3 37. Qd1 Qa2+ 38. Kg1 Qe2 39. Qc1+ Kb7 40. Qf1 Qxf1+ 41. Rxf1 d2 42. Rd1 hxg3 43. Kg2 Kc6 44. Kxg3 a5 45. bxa5 bxa5 46. h4 Kc5 47. Kf3 Kc4 48. Ke2 Kc3 49. h5 Rd5 50. Rh1 Kc2 51. Kf3 d1Q+ 52. Rxd1 Rxd1 53. Kg4 Rg1+ 54. Kh4 Kb3 55. h6 Kxa4 56. Kh5 Kb5 0-1

[Event "Trumpeter Classic op"]
[Site "Grande Prairie"]
[Date "2010.01.31"]
[Round "4"]
[White "Schech, Roland"]
[Black "Lefkowitz, Phil"]
[Result "0-1"]
[WhiteElo "1677"]
[BlackElo "1728"]
[PlyCount "98"]
[EventDate "2010.01.30"]
[EventType "swiss"]
[EventRounds "5"]
[EventCountry "CAN"]
[SourceTitle "EXT 2011"]
[Source "ChessBase"]
[SourceDate "2010.11.26"]
[SourceVersion "1"]
[SourceVersionDate "2010.11.26"]
[SourceQuality "1"]

1. e4 e6 2. Nf3 d5 3. Nc3 d4 4. Ne2 c5 5. c3 d3 6. Nf4 c4 7. Qa4+ Nc6 8. Qxc4 Nf6 9. Qxd3 Bd6 10. Qe3 Ng4 11. Qe2 Bxf4 12. h3 Nf6 13. e5 Nd7 14. d4 Bxc1 15. Rxc1 0-0 16. Qe4 f6 17. Bc4 Nb6 18. Bb3 fxe5 19. Nxe5 Nd5 20. Nxc6 bxc6 21. 0-0 Rf4 22. Qe2 a5 23. Bc4 Qg5 24. Kh2 Bd7 25. g3 Rf6 26. f4 Qh6 27. Rce1 Raf8 28. Qg4 R8f7 29. Re5 Rf5 30. Qf3 g5 31. Rxf5 Rxf5 32. Bxd5 exd5 33. Qg2 gxf4 34. Rxf4 Rxf4 35. gxf4+ Kf7 36. Kg3 Bf5 37. Qf1 Be4 38. Qf2 Kf6 39. Kh2 Kf5 40. Qg3 Qxf4 41. Qxf4+ Kxf4 42. b3 Bb1 43. a4 Ke4 44. b4 axb4 45. cxb4 Bd3 46. Kg2 Kxd4 47. Kf2 Kc3 48. b5 Bxb5 49. axb5 cxb5 0-1

[Event "Trumpeter Classic op"]
[Site "Grande Prairie"]
[Date "2010.01.30"]
[Round "1"]
[White "Pradzinski, Tim"]
[Black "Schech, Roland"]
[Result "1-0"]
[WhiteElo "1919"]
[BlackElo "1677"]
[PlyCount "81"]
[EventDate "2010.01.30"]
[EventType "swiss"]
[EventRounds "5"]
[EventCountry "CAN"]
[SourceTitle "EXT 2011"]
[Source "ChessBase"]
[SourceDate "2010.11.26"]
[SourceVersion "1"]
[SourceVersionDate "2010.11.26"]
[SourceQuality "1"]

1. e4 Nf6 2. e5 Nd5 3. c4 Nb6 4. Nf3 d6 5. exd6 cxd6 6. d4 g6 7. Be3 Bg7 8. Be2 0-0 9. 0-0 e5 10. dxe5 dxe5 11. Nc3 Be6 12. b3 h6 13. Rc1 Nc6 14. Ne4 Nd4 15. Bxd4 exd4 16. Nc5 Qe7 17. Nxe6 fxe6 18. Qc2 g5 19. Rcd1 e5 20. h3 Rad8 21. Bd3 Rf4 22. Be4 g4 23. hxg4 Rxg4 24. Qe2 Rf4 25. g3 Rff8 26. Nh4 Qg5 27. Bxb7 Rf7 28. Be4 Bf6 29. Kg2 Rg7 30. Nf5 Rdd7 31. Rh1 Rg6 32. Rh5 Qg4 33. Bf3 Qf4 34. Kh3 Qg5 35. Rxg5 Rxg5 36. Nxh6+ Kh7 37. Ng4 Bh8 38. Kg2 Kg8 39. Rh1 d3 40. Qd2 Rxg4 41. Bxg4 1-0

[Event "Edmonton-ch Reserves"]
[Site "Edmonton"]
[Date "2009.02.19"]
[Round "7"]
[White "Schech, Roland"]
[Black "Mendryk, Wayne"]
[Result "1-0"]
[WhiteElo "1632"]
[BlackElo "1468"]
[PlyCount "147"]
[EventDate "2009.01.08"]
[EventType "swiss"]
[EventRounds "7"]
[EventCountry "CAN"]
[SourceTitle "EXT 2011"]
[Source "ChessBase"]
[SourceDate "2010.11.26"]
[SourceVersion "1"]
[SourceVersionDate "2010.11.26"]
[SourceQuality "1"]

1. e4 c5 2. Nf3 e6 3. Nc3 Nc6 4. Bb5 Qc7 5. a3 Nf6 6. d4 cxd4 7. Nxd4 a6 8. Be2 Be7 9. Nf3 0-0 10. Qd3 d6 11. Bf4 b5 12. Na2 e5 13. Bd2 Be6 14. Nb4 Bc4 15. Qe3 Ng4 16. Qc3 Nxb4 17. Bxc4 Qxc4 18. Qxc4 bxc4 19. Bxb4 a5 20. Bc3 Nf6 21. Nd2 Nd7 22. Nxc4 a4 23. Bb4 Rfc8 24. Ne3 Rc6 25. Nd5 Kf8 26. Nxe7 Kxe7 27. Kd2 Rac8 28. c3 Nb6 29. Kc2 Ke6 30. Rhd1 d5 31. exd5+ Nxd5 32. Rd3 Nf4 33. Rg3 g6 34. Re1 Rc4 35. b3 axb3+ 36. Kxb3 f5 37. Rg5 Nd3 38. Rd1 Nxb4 39. cxb4 Rc3+ 40. Kb2 Rc2+ 41. Kb3 Rxf2 42. b5 Rcc2 43. Rb1 Rc5 44. Ka4 Rf4+ 45. Rb4 Rd4 46. Rg3 Kd6 47. Rxd4+ exd4 48. Ka5 Rc3 49. Kb4 Rc5 50. a4 Kd5 51. b6 Rc4+ 52. Kb3 Kc5 53. a5 Rb4+ 54. Ka3 Rb5 55. Rb3 Rxa5+ 56. Kb2 Ra8 57. Kc2 Rb8 58. b7 Kc4 59. Rb2 g5 60. Kd2 Kd5 61. Kd3 Ke5 62. Rb4 f4 63. Rb5+ Kf6 64. Kxd4 h6 65. Kc5 h5 66. Kc6 g4 67. Rxh5 f3 68. gxf3 gxf3 69. Rh3 Kg5 70. Rxf3 Kg4 71. Rg3+ Kf4 72. Kc7 Rh8 73. b8Q Rh7+ 74. Kc6+ 1-0

[Event "Grande Prairie Trumpeter op"]
[Site "Grande Prairie"]
[Date "2008.01.27"]
[Round "5"]
[White "Pua, Richard"]
[Black "Schech, Roland"]
[Result "1-0"]
[WhiteElo "1952"]
[BlackElo "1651"]
[PlyCount "109"]
[EventDate "2008.01.26"]
[EventType "swiss"]
[EventRounds "5"]
[EventCountry "CAN"]
[SourceTitle "EXT 2011"]
[Source "ChessBase"]
[SourceDate "2010.11.26"]
[SourceVersion "1"]
[SourceVersionDate "2010.11.26"]
[SourceQuality "1"]

1. e4 e5 2. Nf3 Nc6 3. d4 exd4 4. Nxd4 Qe7 5. Nc3 Nxd4 6. Qxd4 c6 7. Be3 b6 8. Bc4 Bb7 9. Rd1 0-0-0 10. 0-0 c5 11. Qd3 Nf6 12. Ba6 d6 13. Bg5 h6 14. Nd5 Qe6 15. Bxf6 gxf6 16. Qb5 Kb8 17. Bxb7 Kxb7 18. a4 Qd7 19. Qxd7+ Rxd7 20. Nxf6 Rd8 21. Nd5 Bg7 22. c3 Rhe8 23. Rfe1 Kc6 24. f4 f5 25. e5 dxe5 26. Ne7+ Kb7 27. Nxf5 Bf6 28. Nd6+ Kc6 29. Nxe8 Rxe8 30. fxe5 Bxe5 31. g3 h5 32. Kg2 a6 33. c4 h4 34. Rd5 h3+ 35. Kh1 Rf8 36. Rdxe5 Rf2 37. R5e2 Rf3 38. Kg1 Rb3 39. Re7 Rd3 40. R1e6+ Rd6 41. Rxd6+ Kxd6 42. Re3 b5 43. axb5 axb5 44. cxb5 Kc7 45. Re6 Kb7 46. Rc6 c4 47. g4 c3 48. bxc3 Ka7 49. g5 Kb7 50. g6 Ka7 51. g7 Kb7 52. Ra6 Kc7 53. g8Q Kd7 54. Qg7+ Ke8 55. Ra8# 1-0

[Event "Trumpeter Classic op"]
[Site "Grande Prairie"]
[Date "2007.01.27"]
[Round "1"]
[White "Pedersen, Rick"]
[Black "Schech, Roland"]
[Result "1/2-1/2"]
[WhiteElo "1887"]
[BlackElo "1612"]
[PlyCount "140"]
[EventDate "2007.01.27"]
[EventType "swiss"]
[EventRounds "5"]
[EventCountry "CAN"]
[SourceTitle "EXT 2008"]
[Source "ChessBase"]
[SourceDate "2007.11.25"]
[SourceVersion "1"]
[SourceVersionDate "2007.11.25"]
[SourceQuality "1"]

1. e4 e6 2. d4 c5 3. d5 d6 4. c4 Nf6 5. Nc3 Qe7 6. f3 Na6 7. Bg5 h6 8. Bh4 g5 9. Bg3 Nh5 10. Bf2 Bg7 11. Nge2 Nc7 12. Qd2 0-0 13. g4 Bxc3 14. bxc3 Ng7 15. e5 f6 16. exd6 Qxd6 17. Bg3 e5 18. Bf2 b6 19. Ng3 f5 20. Bd3 fxg4 21. Ne4 Qd8 22. 0-0-0 Nh5 23. fxg4 Bxg4 24. Be2 Bxe2 25. Qxe2 Nf4 26. Qg4 Qc8 27. Qxc8 Raxc8 28. Rhe1 Rcd8 29. Nxc5 Ng2 30. Re2 bxc5 31. Bxc5 Nf4 32. Rxe5 Rfe8 33. Rxe8+ Rxe8 34. d6 Nce6 35. Bxa7 Ra8 36. Bb6 Rxa2 37. Kb1 Rxh2 38. c5 Ne2 39. Ba5 Nxc5 40. d7 Nxd7 41. Rxd7 Rh1+ 42. Kc2 g4 43. Kd2 Nc1 44. Ke3 h5 45. Kf4 Ne2+ 46. Ke3 Ra1 47. Rd5 Rxa5 48. Rxa5 Nxc3 49. Rxh5 Kf7 50. Kf4 Ke6 51. Kxg4 Nd5 52. Kf3 Ne7 53. Ke4 Ng6 54. Ra5 Kf6 55. Ra6+ Kg5 56. Rb6 Ne7 57. Rb7 Ng6 58. Rf7 Nh4 59. Rf2 Kg4 60. Rf4+ Kg5 61. Rf1 Ng6 62. Rf7 Nh4 63. Rf2 Kg4 64. Rf4+ Kg5 65. Rf1 Ng6 66. Rf5+ Kg4 67. Rf7 Kg5 68. Rf5+ Kg4 69. Rf1 Kg5 70. Rg1+ Kf6 1/2-1/2

[Event "Edmonton op03"]
[Site "Edmonton"]
[Date "2003.03.20"]
[Round "3"]
[White "Schech, Roland"]
[Black "Wihnon, Jason"]
[Result "0-1"]
[WhiteElo "1563"]
[BlackElo "1839"]
[PlyCount "151"]
[EventDate "2003.03.06"]
[EventType "swiss"]
[EventRounds "5"]
[EventCountry "CAN"]
[SourceTitle "EXT 2008"]
[Source "ChessBase"]
[SourceDate "2007.11.25"]
[SourceVersion "1"]
[SourceVersionDate "2007.11.25"]
[SourceQuality "1"]

1. e4 c5 2. Nf3 d6 3. d4 cxd4 4. Qxd4 Bd7 5. b3 Nc6 6. Qd1 Nf6 7. Nbd2 Qa5 8. Bd3 Qc3 9. Rb1 Nb4 10. Bb2 Nxd3+ 11. cxd3 Qxd3 12. Bxf6 gxf6 13. Rc1 Bh6 14. Rc7 Bc6 15. Qb1 Bxd2+ 16. Nxd2 Qxb1+ 17. Nxb1 Kd8 18. Rxc6 bxc6 19. Ke2 Rg8 20. g3 Rg5 21. Kd3 d5 22. Nc3 Rb8 23. Re1 Rb4 24. f4 dxe4+ 25. Ke3 Rc5 26. Nxe4 Rc2 27. Rd1+ Ke8 28. Nd2 Rxa2 29. Kd3 Rxd2+ 30. Rxd2 Rxb3+ 31. Kc4 Rb5 32. Ra2 a5 33. h3 Kd7 34. Rd2+ Rd5 35. Rb2 Kc7 36. Re2 e6 37. g4 Kb6 38. Rb2+ Rb5 39. Rd2 Rb4+ 40. Kc3 Rxf4 41. Rd7 Kc5 42. Rxf7 Rf3+ 43. Kb2 Rxh3 44. Rxf6 e5 45. Rf5 Kd4 46. Rf6 c5 47. Rd6+ Kc4 48. Re6 Kd5 49. Ra6 Rg3 50. g5 Rxg5 51. Rxa5 h5 52. Ra8 h4 53. Rd8+ Kc4 54. Rh8 Rg4 55. Kc2 Rg2+ 56. Kd1 Rh2 57. Ke1 e4 58. Re8 Kd3 59. Kf1 e3 60. Rd8+ Kc3 61. Re8 Rh1+ 62. Ke2 Kd4 63. Rd8+ Kc3 64. Re8 Rh3 65. Re7 c4 66. Re8 Kc2 67. Rc8 c3 68. Re8 Rh2+ 69. Kxe3 Rd2 70. Rb8 h3 71. Kf3 Kc1 72. Rc8 c2 73. Kg3 h2 74. Rh8 Kd1 75. Rxh2 Rxh2 76. Kxh2 0-1